| 000 | 00635nam a22001697a 4500 | ||
|---|---|---|---|
| 005 | 20260303152622.0 | ||
| 008 | 260303b |||||||| |||| 00| 0 eng d | ||
| 020 | _a9789387791770 | ||
| 040 | _cVITAP | ||
| 082 |
_223 _a070.4495 NAM |
||
| 100 |
_aNambath, Suresh Ed. _917190 |
||
| 245 |
_aBook of Science Journalism, Volume I _c/ Suresh Nambath Ed. |
||
| 260 |
_aChennai _bTHG Publishing Group Pvt. Ltd. _c2025 |
||
| 300 | _a184p, .: 23cm | ||
| 650 | 0 |
_aScience Journalism, Reporting Scientific Research, Writing Techniques, Coverage Areas, Ethics in Science Journalism, Public Understanding of Science etc. _917191 |
|
| 942 |
_2ddc _cREF |
||
| 999 |
_c47321 _d47321 |
||